| 000 | 00801nam a22002417a 4500 | ||
|---|---|---|---|
| 003 | 0 | ||
| 005 | 20241015132650.0 | ||
| 008 | 241015b xxu||||| |||| 00| 0 eng d | ||
| 020 | _a9781266283536 | ||
| 050 |
_aHA 29 _b.L56 2024 |
||
| 100 |
_aLind, Douglas A., _eauthor. |
||
| 245 |
_aStatistical techniques in business & economics / _cDouglas A. Lind, William G. Marchal, Samuel A. Wathen. |
||
| 250 | _a19th ed. | ||
| 260 |
_aNew York, NY : _bMcGraw Hill, LLC, _c2024. |
||
| 300 |
_axxvi, 874 p. : _bcol. ill. ; _c27 cm. |
||
| 504 | _aIncludes index. | ||
| 650 |
_aSocial sciences _vStatistical methods. |
||
| 650 |
_aEconomics _vStatistical methods. |
||
| 650 | _aCommercial statistics. | ||
| 700 |
_aMarchal, William G., _eauthor. |
||
| 700 |
_aWathen, Samuel A., _eauthor. |
||
| 942 |
_2lcc _cBK |
||
| 999 |
_c366549 _d366549 |
||